000 00742cam a22002531 4500
005 20260322212042.0
008 data
010 _a 70187023 //r952
020 _a0805510389
020 _a9780805510386
040 _aDLC
_cDLC
_dYUS
049 _aYUTH
050 0 0 _aBJ1661
_b.S55
090 _aBJ 1588 S53v 1972
100 1 _aSimon, Sidney B.
245 1 0 _aValues clarification :
_ba handbook of practical strategies for teachers and students /
_cSidney B. Simon, Leland W. Howe & Howard Kirschenbaum.
260 _aNew York,
_bHart Pub. Co.
_c[1972]
300 _a397 p.
_c21 cm.
650 0 _aYouth
_xConduct of life.
650 0 _aValues clarification.
700 1 _aHowe, Leland W.
700 1 _aKirschenbaum, Howard.
001 data
999 _c1001
_d1001